Indianapolis Colts Starting Quarterbacks 2011-20 - Statistics

General Stats
  • This quiz has been taken 122 times
  • The average score is 9 of 10
Answer Stats
Year Answer % Correct
12-13 Andrew Luck
98%
13-14 Andrew Luck
98%
14-15 Andrew Luck
98%
16-17 Andrew Luck
98%
18-19 Andrew Luck
98%
20-21 Philip Rivers
94%
17-18 Jacoby Brissett
89%
19-20 Jacoby Brissett
89%
11-12 Curtis Painter
51%
15-16 Matt Hasselbeck
43%
No matching quizzes found
Score Distribution
Percent of People with Each Score
Percentile by Number Answered
Your Score History
You have not taken this quiz